000 00329nam a2200109Ia 4500
008 171204s9999 xx 000 0 und d
245 _aRaspberry Pi Networking Cookbook:
245 _cRick Golden
260 _c2016
650 _xADVANCED OPERATING SYSTEM AND NETWORKING
856 _uhttp://down.ebook777.com/037/9781785280214.pdf
999 _c347099
_d347099